|
|
|
|
| LEADER |
01849nam a2200385 a 4500 |
| 001 |
EBC448775 |
| 003 |
MiAaPQ |
| 005 |
20200520144314.0 |
| 006 |
m o d | |
| 007 |
cr cn||||||||| |
| 008 |
080710s2008 ne a sb 000 0 eng d |
| 010 |
|
|
|z 2008298007
|
| 020 |
|
|
|z 9781586038373
|
| 020 |
|
|
|z 1586038370
|
| 035 |
|
|
|a (MiAaPQ)EBC448775
|
| 035 |
|
|
|a (Au-PeEL)EBL448775
|
| 035 |
|
|
|a (CaPaEBR)ebr10309229
|
| 035 |
|
|
|a (OCoLC)463190792
|
| 040 |
|
|
|a MiAaPQ
|c MiAaPQ
|d MiAaPQ
|
| 050 |
|
4 |
|a HD30.23
|b .K348 2008
|
| 082 |
0 |
4 |
|a 658.4/03
|2 22
|
| 100 |
1 |
|
|a Keen, Peter G. W.
|
| 245 |
1 |
0 |
|a Decision enhancement services
|h [electronic resource] :
|b rehearsing the future for decisions that matter /
|c by Peter G.W. Keen and Henk G. Sol.
|
| 260 |
|
|
|a Amsterdam :
|b IOS Press,
|c c2008.
|
| 300 |
|
|
|a xv, 184 p. :
|b ill. (some col.).
|
| 504 |
|
|
|a Includes bibliographical references (p. 181-184).
|
| 505 |
0 |
|
|a Decision process agility -- People make decisions; technology enables decision-making -- Decision enhancement in action : the airport development studio -- What we really know about effective decision-making -- Visual thinking : if you can't see it, you can't get it -- Making simulation part of the executive culture, not just "modeling" -- Coming to a decision : studios : people plus methods plus suites -- Recipes : applying proven DE experience.
|
| 533 |
|
|
|a Electronic reproduction. Ann Arbor, MI : ProQuest, 2015. Available via World Wide Web. Access may be limited to ProQuest affiliated libraries.
|
| 650 |
|
0 |
|a Decision making.
|
| 650 |
|
0 |
|a Problem solving.
|
| 650 |
|
0 |
|a Management
|x Simulation methods.
|
| 655 |
|
4 |
|a Electronic books.
|
| 700 |
1 |
|
|a Sol, H. G.
|q (Henk G.),
|d 1951-
|
| 710 |
2 |
|
|a ProQuest (Firm)
|
| 856 |
4 |
0 |
|u https://ebookcentral.proquest.com/lib/matrademy/detail.action?docID=448775
|z Click to View
|